00549nam a2200181Ia 4500001002200000003000900022008004100031040002300072041001300095100002200108245001000130250001500140260002500155300002700180490001700207501012400224700001900348851-ARI lu op (17141)IT-MiSPE171229s9999||||xx |||||||||||||| ||und|| aIT-MiSPEcIT-MiSPE aITALIANO aLudovico Ariosto  0aOpere a1a ed. (v) aMilanobMursiac1970 aXXIII, 1216 p. c22 cm aLe coronev9 aEdizioni San Paolo srl - Piazza Soncino, 5 - 20092 CINISELLO BALSAMO (MI) (non commercial uses only) ® Copyright 2018 aAdriano Seroni